000 004410000a22001810004500
020 _a0-88368-124-2
041 0 _aENG
082 0 4 _aG 269.24 P9128r
100 1 _aPratney, Winkie
245 1 0 _aRevival / Winkie Pratney
260 _aSpringdale, PA., USA : Whitaker
300 _a320 Pag
001 8164
942 _cBK
999 _c38357
_d38357
336 _atexto
_btxt
_2rdacontent
337 _2rdamedia
_asin mediación
_bn
338 _2rdacarrier
_avolumen
_bnc